Chimie - Atomes et Molécules - Statistiques

Statistiques générales
  • Ce quiz a été pris 3 729 fois
  • Le résultat moyen est 52 sur 100
Statistiques - réponses
Question Tuile Select % Correct
Quels atomes existent ? Da Non
94%
Quels atomes existent ? He Oui
94%
Quels atomes existent ? Lo Non
94%
Quels atomes existent ? Ar Oui
93%
Quels atomes existent ? Qr Non
92%
Quels atomes existent ? Us Non
92%
Quels atomes existent ? Ha Non
91%
Quels atomes existent ? R Non
90%
Quels atomes existent ? Au Oui
83%
Quels atomes existent ? K Oui
82%
Quels atomes existent ? Or Non
82%
Quels atomes existent ? Xe Oui
81%
Quels atomes existent ? Ke Non
80%
Quelles molécules existent ? NaCl Oui
79%
Quels atomes existent ? Ne Oui
78%
Quels atomes existent ? Bn Non
76%
Quels atomes existent ? Mn Oui
76%
Quelles molécules existent ? AlK3 Non
75%
Quels atomes existent ? Ma Non
74%
Quelles molécules existent ? C5H15 Non
70%
Quelles molécules existent ? H2F Non
70%
Quelles molécules existent ? K2Cl Non
69%
Quelles molécules existent ? Na3SO4 Non
68%
Quels atomes existent ? Zr Oui
68%
Quels sont les métaux ? I Non
67%
Quels sont les métaux ? N Non
66%
Quels sont les métaux ? Cl Non
65%
Quels sont les métaux ? Cl Non
65%
Quels sont les métaux ? Es Non
65%
Quels sont les métaux ? H Non
65%
Quels sont les métaux ? He Non
65%
Quels sont les métaux ? Ne Non
65%
Quels sont les métaux ? C Non
64%
Quelles molécules existent ? Cl3PO4 Non
64%
Quels sont les métaux ? S Non
64%
Quelles molécules existent ? Ca2O Non
63%
Quels sont les métaux ? Xe Non
63%
Quels atomes existent ? B Oui
61%
Quels sont les métaux ? Rn Non
61%
Quelles molécules existent ? CoCl2 Non
60%
Quelles molécules existent ? Fe3O2 Non
60%
Quelles molécules existent ? C10H20 Non
58%
Quels sont les métaux ? U Non
58%
Quels sont les métaux ? Ag Oui
56%
Quels sont les métaux ? B Non
56%
Quelles molécules existent ? KCl Oui
55%
Quels sont les métaux ? Br Non
54%
Quels atomes existent ? U Oui
54%
Quels atomes existent ? Te Oui
53%
Quels sont les métaux ? As Non
52%
Quels sont les métaux ? Al Oui
51%
Quels sont les métaux ? Au Oui
51%
Quels atomes possèdent au moins 3 couches d'électrons ? H Non
50%
Quels sont les métaux ? F Non
49%
Quels sont les métaux ? Ge Non
48%
Quels atomes possèdent au moins 3 couches d'électrons ? He Non
48%
Quels atomes possèdent au moins 3 couches d'électrons ? B Non
47%
Quelles molécules existent ? H2SO4 Oui
47%
Quels atomes existent ? W Oui
47%
Quels atomes possèdent au moins 3 couches d'électrons ? N Non
46%
Quels atomes possèdent au moins 3 couches d'électrons ? C Non
45%
Quels atomes possèdent au moins 3 couches d'électrons ? F Non
43%
Quelles molécules existent ? FeO2 Non
42%
Quels atomes possèdent au moins 3 couches d'électrons ? Ne Non
42%
Quels sont les métaux ? Ti Oui
42%
Quels atomes possèdent au moins 3 couches d'électrons ? Li Non
41%
Quelles molécules existent ? NaSO4 Non
41%
Quels atomes existent ? Rd Non
39%
Quelles molécules existent ? C4H10 Oui
38%
Quelles molécules existent ? AlCl3 Oui
37%
Quels atomes existent ? V Oui
37%
Quelles molécules existent ? Fe2O3 Oui
36%
Quels atomes possèdent au moins 3 couches d'électrons ? Ag Oui
35%
Quelles molécules existent ? H3PO4 Oui
35%
Quels atomes possèdent au moins 3 couches d'électrons ? Fe Oui
34%
Quels atomes possèdent au moins 3 couches d'électrons ? Pb Oui
34%
Quels atomes possèdent au moins 3 couches d'électrons ? Cu Oui
33%
Quels sont les métaux ? Li Oui
33%
Quels atomes existent ? Y Oui
33%
Quelles molécules existent ? CaO Oui
32%
Quelles molécules existent ? CaSO4 Oui
32%
Quelles molécules existent ? FeO Oui
32%
Quels atomes possèdent au moins 3 couches d'électrons ? Xe Oui
31%
Quelles molécules existent ? HF Oui
30%
Quels atomes possèdent au moins 3 couches d'électrons ? U Oui
27%
Quels sont les métaux ? Zr Oui
27%
Quelles molécules existent ? C8H18 Oui
26%
Quels atomes possèdent au moins 3 couches d'électrons ? Co Oui
26%
Quels atomes possèdent au moins 3 couches d'électrons ? Rn Oui
25%
Quels atomes possèdent au moins 3 couches d'électrons ? As Oui
24%
Quels atomes possèdent au moins 3 couches d'électrons ? Ca Oui
24%
Quels atomes possèdent au moins 3 couches d'électrons ? Br Oui
23%
Quels atomes possèdent au moins 3 couches d'électrons ? K Oui
23%
Quels atomes possèdent au moins 3 couches d'électrons ? I Oui
22%
Quels atomes possèdent au moins 3 couches d'électrons ? La Oui
21%
Quels atomes possèdent au moins 3 couches d'électrons ? At Oui
19%
Quels atomes possèdent au moins 3 couches d'électrons ? Na Oui
18%
Quels atomes possèdent au moins 3 couches d'électrons ? P Oui
17%
Quels sont les métaux ? Ca Oui
16%
Quelles molécules existent ? CoCl3 Oui
14%
Aucun quiz correspondant
Distribution des résultats
% des personnes avec chaque résultat
Percentile par nombre de réponses
Votre historique - résultats
Vous n’avez pas pris ce quiz